00379nam a2200121Ia 4500008004100000245003600041245001700077260000900094650001400103856004800117999001900165952007300184171211s9999 xx 000 0 und d aPhilip Larkin and His Audiences cG. Steinberg c2010 xBiography uhttp://down.ebook777.com/065/1349315206.pdf c349880d349880 001040aCLbCLd2017-12-11l0r2017-12-11 00:00:00w2017-12-11yCBE